| 000 | 00366pab a2200157 454500 | ||
|---|---|---|---|
| 008 | 180718b2018 xxu||||| |||| 00| 0 eng d | ||
| 100 | _aJuyal, Shikha | ||
| 245 | _aRural infrastructure | ||
| 260 | _c2018 | ||
| 300 | _ap.47-51. | ||
| 362 | _aMar | ||
| 650 | _aInfrastructure development | ||
| 700 | _aPriyadarshini | ||
| 773 | _aKurukshetra | ||
| 909 | _a117149 | ||
| 999 |
_c117143 _d117143 |
||